إصلاحى فى جامعة الازهر : (Record no. 66888)
[ view plain ]
| 000 -الفاتح | |
|---|---|
| حقل البيانات ثابتة الطول | 01066nam a22002657a 4500 |
| 005 - وقت وتاريخ اخر تعامل مع التسجيلة | |
| رقم الضبط | 20240530110945.0 |
| 008 - عناصر البيانات ثابتة الطول - معلومات عامة | |
| حقل البيانات ثابتة الطول | 160903s2013 ua g 000 0bara d |
| 017 ## - رقم الايداع القانونى | |
| رقم الايداع القانونى | 2012/8093 |
| المصدر ( الهيئة المختصة) | مصر . دار الكتب والوثائق القوميه . |
| 020 ## - الرقم الدولى المعيارى للكتب | |
| الرقم الدولى المعيارى للكتاب | 9789772160594 |
| 040 ## - مصدر الفهرسة | |
| وكالة الفهرسة الأصلية | EG-CaGPL |
| 082 04 - رقم تصنيف ديوى العشرى | |
| رقم الطبعة | ط21 . |
| رقم التصنيف | 922.113/ |
| رقم المادة | ك ا . |
| 100 1# - المدخل الرئيسى - إسم شخصى | |
| الإسم الشخصى | كوستيه فرنسين . |
| 245 1# - بيان العنوان | |
| العنوان | إصلاحى فى جامعة الازهر : |
| بقية العنوان | اعمال مصطفى المراغى و فكره / |
| بيان المسئوليه,etc | كوستيه فرنسين ، تارديو |
| 250 ## - بيان الطبعة | |
| بيان الطبعة | ط1 ، |
| 260 ## - PUBLICATION, DISTRIBUTION, ETC. (IMPRINT) | |
| تاريخ النشر أو التوزيع | 2013 . |
| 300 ## - الوصف المادى | |
| التعداد | 408 ص ؛ |
| أبعاد الوعاء | 24 سم . |
| 504 ## - تبصرة ببليوجرافية | |
| تبصرة ببليوجرافية,الخ | ببليوجرافيه : ص373 - 376 . |
| 650 04 - المدخل الاضافى بالموضوع-مصطلح موضوعى | |
| مصطلح موضوعي | جامعه الازهر |
| التقسيم الفرعي العام | تاريخ |
| 650 04 - المدخل الاضافى بالموضوع-مصطلح موضوعى | |
| مصطلح موضوعي | مصطفى المراغى |
| التقسيم الفرعي العام | الاعمال الكامله |
| 650 04 - المدخل الاضافى بالموضوع-مصطلح موضوعى | |
| مصطلح موضوعي | مصطفى المراغى |
| 650 04 - المدخل الاضافى بالموضوع-مصطلح موضوعى | |
| مصطلح موضوعي | الازهر |
| التقسيم الفرعي العام | رجال |
| 700 0# - المدخل الاضافى - اسم شخصى | |
| الإسم الشخصى | عاصم عبد ربه حسين |
| الدور | مترجم |
| 942 ## - عناصر المدخل الإضافي( كوها) | |
| مصدر التصنيف او مخطط الترفيف | Dewey Decimal Classification |
| Koha [default] item type | كتاب |
| 260 ## - PUBLICATION, DISTRIBUTION, ETC. (IMPRINT) | |
| -- | القاهره : |
| -- | المركز القومى للترجمه ، |
| حالة التراجع | حالة الفقد | حالة تلف | ليس للاعارة | المكان المؤقت | الموقع الحالى | موقع الترفيف | تاريخ الاكتساب | اجمالي اﻻعارات | رقم الطلب | الباركود | تاريخ اخر مشاهدة | تاريخ تفعيل السعر | نوع وعاء كوها |
|---|---|---|---|---|---|---|---|---|---|---|---|---|---|
| مكتبة القاهرة الكبرى | مكتبة القاهرة الكبرى | ق الرئيسية_التاريخ والجغرافيا_ك عربى | 11/15/2022 | 922.113/ ك ا . | 168864 | 11/15/2022 | 11/15/2022 | كتاب |

